000 00541cam a22002171 4500
001 sa 63002875
003 DLC
005 20260227111937.0
008 891009s1950 ii a 000 0 gujo
010 _asa 63002875
035 _a(OCoLC)20460330
040 _aDLC
_cWaU
_dDLC
042 _apremarc
050 0 0 _aQ141
_b.P34
100 1 _aPandya, Kantilal Chhaganlal,
_d1886-1958.
245 1 0 _aVijñānamandira.
260 _c[1950]
300 _a456 p.
_billus.
_c19 cm.
500 _aIn Gujarati.
650 0 _aScientists
_vBiography.
999 _c54734
_d54734